Learning to teach using ICT in the secondary school : A companion to school experience

Spremljeno u:
Bibliografski detalji
Glavni autor: Leask, Marilyn
Format: Knjiga
Jezik:Undetermined
Izdano: London Routledge Falmer 2005
Teme:
Oznake: Dodaj oznaku
Bez oznaka, Budi prvi tko označuje ovaj zapis!
Thư viện lưu trữ: Trung tâm Học liệu Trường Đại học Cần Thơ
LEADER 00729nam a2200229Ia 4500
001 CTU_100303
008 210402s9999 xx 000 0 und d
020 |c 580000 
082 |a 373.133 
082 |b L438 
100 |a Leask, Marilyn 
245 0 |a Learning to teach using ICT in the secondary school : 
245 2 |b A companion to school experience 
245 0 |c Marilyn Leask, Norbert Pachler 
260 |a London 
260 |b Routledge Falmer 
260 |c 2005 
650 |a Information technology,Education, secondary,Computer-assisted instruction 
650 |x Data processing 
650 |z Great Britain,Great Britain,Great Britain 
904 |i Giang 
980 |a Trung tâm Học liệu Trường Đại học Cần Thơ